Electronic test instruments: (Record no. 129)

000 -LEADER
fixed length control field 00573nam a22002057a 4500
001 - CONTROL NUMBER
control field 129
003 - CONTROL NUMBER IDENTIFIER
control field BD-DhUET
008 - FIXED-LENGTH DATA ELEMENTS--GENERAL INFORMATION
fixed length control field 140715b xxu||||| |||| 00| 0 eng d
020 ## - INTERNATIONAL STANDARD BOOK NUMBER
International Standard Book Number 9788177587487
040 ## - CATALOGING SOURCE
Transcribing agency DDC
Modifying agency BD-DhUET
082 ## - DEWEY DECIMAL CLASSIFICATION NUMBER
Classification number 623.81078
Item number WIT/2003.
100 ## - MAIN ENTRY--PERSONAL NAME
Personal name Witte,Robert A.
245 ## - TITLE STATEMENT
Title Electronic test instruments:
Remainder of title analog and digital measurements/
Statement of responsibility, etc. by Robert A. Witte.
250 ## - EDITION STATEMENT
Edition statement 2nd ed.
260 ## - PUBLICATION, DISTRIBUTION, ETC. (IMPRINT)
Place of publication, distribution, etc. New Delhi,
Name of publisher, distributor, etc. Pearson Education;
Date of publication, distribution, etc. 2003.
300 ## - PHYSICAL DESCRIPTION
Extent xvi,371 P:
650 #0 - SUBJECT ADDED ENTRY--TOPICAL TERM
Topical term or geographic name as entry element Electronic instruments
650 #0 - SUBJECT ADDED ENTRY--TOPICAL TERM
Topical term or geographic name as entry element Electronic measurement
942 ## - ADDED ENTRY ELEMENTS (KOHA)
Koha item type General Book
Holdings
Koha full call number Copy number Damaged status Piece designation (barcode) Shelving location Date acquired Koha item type Location (home branch) Sublocation or collection (holding branch) Koha normalized classification for sorting Price effective from Withdrawn status Lost status Not for loan Source of classification or shelving scheme Koha date last seen
623.810781 111850Circulation section2014-07-15General BookCentral Library, BUETCentral Library, BUET623_8107800000000002014-07-15    2014-07-15